000 00417nam a2200157 4500
005 20250703134430.0
008 250703b |||||||| |||| 00| 0 eng d
020 _a9781408873106
_qPbk
041 _aEng
082 _a823
_bPRI
100 _aPriestley Chris
245 _aTreasure Of The Golden Skull
_cChris Priestley
260 _aLondon
_bBloomsbury Children's Books
_c2018
300 _a272p
942 _cENGLISH
999 _c574689
_d574689